La importancia de llamarse Daniel Santos /
Uloženo v:
| Hlavní autor: | |
|---|---|
| Médium: | Neznámo |
| Jazyk: | Spanish |
| Vydáno: |
Hanover :
Ediciones del Norte,
1988.
|
| Témata: | |
| Tagy: |
Přidat tag
Žádné tagy, Buďte první, kdo vytvoří štítek k tomuto záznamu!
|
MARC
| LEADER | 000000000a22000000004500 | ||
|---|---|---|---|
| 001 | 012639 | ||
| 020 | |a 0910061394 | ||
| 041 | 0 | |a spa | |
| 082 | 0 | 4 | |a PR863.21 |b S212i |
| 100 | 1 | |a Sánchez, Luis Rafael, |d 1936- | |
| 245 | 1 | 3 | |a La importancia de llamarse Daniel Santos / |c Luis Rafael Sánchez. |
| 260 | 1 | |a Hanover : |b Ediciones del Norte, |c 1988. | |
| 300 | |a 212 páginas | ||
| 650 | 4 | |a SANTOS, DANIEL, 1916- | |
| 650 | 4 | |a FICCION | |
| 650 | 4 | |a LITERATURA PUERTORIQUEÑA | |
| 500 | |a Colección George Yúdice | ||
| 999 | |c 18596 |d 18596 | ||
| 942 | |c BK |h PR863.21 S212i |2 z | ||



